guess the NBA player by 1 hint (easy) - Statistics

General Stats
  • This quiz has been taken 18 times
  • The average score is 8 of 15
Answer Stats
Hint Answer % Correct
podcast P Paul George
87%
who the fudge is Tingus Pingus Kristaps Porzingis
80%
no left hand Jaylen Brown
73%
sent OKC home on a bad shot Damian Lillard
67%
zesty Karl Anthony-Towns
67%
"I'm _____ ______, you know who I am" Kevin Durant
67%
28 losing streak Cade Cunningham
60%
copied legends once he won a ring Jayson Tatum
60%
guard DPOY Marcus Smart
60%
teach me how to dougie John Wall
53%
Shaqtin' a Fool GOAT JaVale McGee
47%
got a bell for valentines day Giannis Antetokounmpo
40%
Shaq thinks he is Wemby Bol Bol
33%
0-10 in an elimination game Klay Thompson
33%
scared of Trae Young Ben Simmons
20%
No matching quizzes found
Score Distribution
Percent of People with Each Score
Percentile by Number Answered
Your Score History
You have not taken this quiz